1845 1598 1883 1981 1104 1104 1227 1357 1710 1277 1132 1262 1378 1572 1908 1337 1045 1155 1569 1422 1116 1208 1347 1681 1956 1315 1099 1938 1624 1187 1293 1285 1460 1267 1577 1704 1214 1038 1477 1618 1678 1522 1511 1253 1969 1666 1967 1602 1391 1455 1557 1663 1070 1332 1420 1982 1883 1874 1963 1528 1569 1194 1144 1962 1664 1504 1576 1993 1868 1194 1274 1385 1678 1550 1386 1572 1271 1491 1561 1952 1869 1446 1623 1091 1763 1778 1460 1193 1422 1779 1821 1764 1115 1507 1707 1902 1914 1020 1786 BCNSPRNW ULIB Ver.6.0+V

เปลี่ยนเป็นภาษาไทย

Change to English
 แสดงรายละเอียดบรรณานุกรม
  กลับหน้าหลัก

Brief Record : Get Marc (ISO 2709) : E-mail record : QR code < ปิดหน้าต่าง
LEADER : 00000nam 2200000uu 4500
001    13399107815
003     ULIB
008    110204s2551||||th 000 0 tha d
020    9743483479
060  4 WY18.2^bพ953ท
110 1  เพื่อนช่วยจำ
245 00 ทบทวนการพยาบาลผู้ใหญ่ ANR=^bAdult nursing review,^cเพื่อนช่วยจำ
246 0  Adult nursing review
260    กรุงเทพฯ:^bเพื่อนช่วยจำ,^c2551
300    202 หน้า
650  7 การพยาบาลผู้ใหญ่^xข้อสอบ
710 1  เพื่อนช่วยจำ
945    ^p199^l0^i027867
945    ^p199^l0^i027866
945    ^p199^l0^i027864
945    ^p199^l0^i025948
945    ^p199^l0^i025947
945    ^p199^l0^i025946
945    ^p199^l0^i025392
945    ^p199^l0^i025945
945    ^p199^l0^i025390
945    ^p199^l0^i025391
945    ^p199^l0^i025389
945    ^p199^l0^i025388
945    ^p199^l0^i025387
945    ^p199^l0^i025386
945    ^p199^l0^i027865
945    ^p199^l0^i027863
945    ^p199^l0^i032262
945    ^p199^l0^i032263
945    ^p199^l0^i032264
945    ^p199^l0^i032265
945    ^p199^l0^i032266
945    ^p199^l0^i032267
945    ^p199^l0^i032268
945    ^p199^l0^i032269
995    ทศพร
999 ^a ใช้งานได้ทุกระบบ
รายการนี้ยังไม่มีแท็ก
คุณยังไม่ได้ล็อกอิน คุณสามารถมีกิจกรรมร่วมกับเว็บไซต์ได้ แต่ต้องล็อกอินก่อน ::
  ล็อกอิน

รายการสื่อสารสนเทศ

ลำดับที่ ประเภท เลขเรียก/บาร์โค้ด สถานที่ สถานะ
- ไม่พบข้อมูล -

BibComment


ยังไม่เคยถูกคอมเมนท์

คอมเมนท์ทรัพยากรรายการนี้
  คอมเมนท์: ทบทวนการพยาบาลผู้..


 Copyright 2026. Bcnsprnw @Library